The association of small bombs / (Record no. 5301)
[ view plain ]
| 000 -LEADER | |
|---|---|
| fixed length control field | 00959cam a2200241 4500 |
| 001 - CONTROL NUMBER | |
| control field | 6276 |
| 005 - DATE AND TIME OF LATEST TRANSACTION | |
| control field | 20181127181308.0 |
| 010 ## - LIBRARY OF CONGRESS CONTROL NUMBER | |
| LC control number | 2016317862 |
| 020 ## - INTERNATIONAL STANDARD BOOK NUMBER | |
| International Standard Book Number | 9789351777878 (hardback) |
| 100 1# - MAIN ENTRY--PERSONAL NAME | |
| Personal name | Mahajan, Karan. |
| Relator term | |
| 245 14 - TITLE STATEMENT | |
| Title | The association of small bombs / |
| Statement of responsibility, etc. | Karan Mahajan. |
| 264 #1 - PRODUCTION, PUBLICATION, DISTRIBUTION, MANUFACTURE, AND COPYRIGHT NOTICE | |
| Place of production, publication, distribution, manufacture | Noida, Uttar Pradesh, India : |
| Name of producer, publisher, distributor, manufacturer | Fourth Estate, |
| Date of production, publication, distribution, manufacture, or copyright notice | 2016. |
| 300 ## - PHYSICAL DESCRIPTION | |
| Extent | 276 pages ; |
| Dimensions | 22 cm |
| 336 ## - CONTENT TYPE | |
| Content type term | text |
| Content type code | txt |
| Source | rdacontent |
| 337 ## - MEDIA TYPE | |
| Media type term | unmediated |
| Media type code | n |
| Source | rdamedia |
| 338 ## - CARRIER TYPE | |
| Carrier type term | volume |
| Carrier type code | nc |
| Source | rdacarrier |
| 500 ## - GENERAL NOTE | |
| General note | Novel. |
| 520 ## - SUMMARY, ETC. | |
| Summary, etc. | On after witnessing his two friends killed by a ""small"" bomb that detonated in a Dehli marketplace, Mansoor Ahmed becomes involved with a charismatic young activist, whose allegiances and beliefs are more changeable than he could have imagined. |
| 530 ## - ADDITIONAL PHYSICAL FORM AVAILABLE NOTE | |
| Additional physical form available note | Also available as an e-book. |
| 650 #0 - SUBJECT ADDED ENTRY--TOPICAL TERM | |
| Topical term or geographic name entry element | Bombings |
| Geographic subdivision | India |
| Form subdivision | Fiction. |
| Topical term or geographic name entry element | Terrorism |
| Geographic subdivision | India |
| Form subdivision | Fiction. |
| Topical term or geographic name entry element | Victims of terrorism |
| Geographic subdivision | India |
| Form subdivision | Fiction. |
| Withdrawn status | Lost status | Source of classification or shelving scheme | Damaged status | Not for loan | Collection code | Home library | Current library | Shelving location | Date acquired | Serial Enumeration / chronology | Inventory number | Full call number | Barcode | Date last seen | Price effective from | Koha item type |
|---|---|---|---|---|---|---|---|---|---|---|---|---|---|---|---|---|
| Dewey Decimal Classification | Fiction | RTC Library | RTC Library | Fiction | 07/04/2022 | 9996 | FIC 813.54 MAH | 30010281 | 03/01/2022 | 27/11/2018 | Fiction |